[Event "Lovfalds EMT 16th Basis 2"]
[Site "Ringsted"]
[Date "2002.09.14"]
[Round "3"]
[White "Jensen, Jan Erik"]
[Black "Carlsen, Jimmy Gronbaek"]
[Result "0-1"]
[WhiteElo "1328"]
[BlackElo "1431"]
[PlyCount "124"]
[EventDate "2002.09.13"]
[EventType "tourn"]
[EventRounds "5"]
[EventCountry "DEN"]
[SourceTitle "EXT 2023"]
[Source "ChessBase"]
[SourceDate "2022.10.05"]
[SourceVersion "1"]
[SourceVersionDate "2022.10.05"]
[SourceQuality "1"]

1. e4 c5 2. Nf3 Nc6 3. Bb5 d6 4. Nc3 a6 5. Bxc6+ bxc6 6. d3 Bg4 7. h3 Bh5 8. 0-0 e6 9. Ne2 Bxf3 10. gxf3 Be7 11. Ng3 d5 12. Re1 Bh4 13. Bf4 Ne7 14. b3 Ng6 15. Be3 d4 16. Bd2 Qc7 17. Kh2 0-0 18. Rg1 f5 19. Qe2 Rf7 20. a4 Raf8 21. Raf1 fxe4 22. fxe4 Rf3 23. Qe1 Qb8 24. Qe2 Qc7 25. Qe1 Qb8 26. Qe2 Ne7 27. Rg2 Ng6 28. Qe1 R8f7 29. Qe2 Qf8 30. Kg1 Bxg3 31. Rxg3 Nh4 32. Bg5 Rxg3+ 33. fxg3 Rxf1+ 34. Qxf1 Nf3+ 35. Kg2 Nxg5 36. Qxf8+ Kxf8 37. h4 Nf7 38. Kf3 Ke7 39. Kf4 Kf6 40. g4 h6 41. Kf3 Ne5+ 42. Kf4 g5+ 43. hxg5+ hxg5+ 44. Kg3 Nd7 45. Kf3 Ke7 46. Kg3 e5 47. Kf3 Nf6 48. Kg3 Kd7 49. Kf3 Kc7 50. a5 Ne8 51. Ke2 Nd6 52. Kd2 Nb7 53. c3 Nxa5 54. b4 cxb4 55. cxb4 Nb7 56. Kc2 c5 57. bxc5 Nxc5 58. Kd2 Kc6 59. Kc2 Kb5 60. Kd2 Kb4 61. Kc2 a5 62. Kd2 Kb3 0-1